01568nam a22003857a 4500003000500000005001700005008004100022010001000063011001000073035001000083040000900093090001000102100004300112245008600155260004000241300001000281502007500291590003700366590004100403590004100444590004100485590004200526650003800568650003100606650003500637650003900672700003900711901000700750942000900757949004300766949005500809999001700864952016100881952014001042CHAP20220329141017.0971013s1996 r 00010 d a61250 a62222 a66396 cCHAP aTesis00aFlores Rodríguez, Juan Noé.941716 aComportamiento productivo de borregos en pastoreo bajo diferentes cargas animales aChapingo, Méx. :bEl autor,c1996 a90 h. aTesis (Ing. Agr. Esp. en Zootecnia) -- UACH. Departamento de Zootecnia aALEPHb10c20130110lUCH01h1341 aBATCH-UPDb10c20130110lUCH01h0813 aBATCH-UPDb10c20130410lUCH01h0450 aBATCH-UPDb10c20130914lUCH01h0957 aCONVERSIONb10c20130109lUCH01h133314aCoeficiente de agostadero.92431914aDactylis glomerata.93086514aGanado lanarxPastoreo.94520914aGanado lanarxProducción.9452140 aMedina Garfia, Ana María.973963 aBK cFOLL bBCcTESd-151578eTS1h29551i66396si bBCcTESd33724000623211eTS2fc.2h29552i66396si c61250d61250 00102local4053708TESISaBCbBCcPA_TESISd2019-12-31fTESISl11m9p33724000623211q2025-11-27r2025-11-24 18:25:16s2025-11-24tc.2w2019-12-31yTESIS 00102local4051708TESISaBCbBCcPA_TESISd2019-12-31fTESISl1oTesisp-151578r2023-01-19 00:00:00s2023-01-19w2019-12-31yTESIS